=LDR 00000nam 2200000 4500 =001 INLIS000000000022250 =005 20200409083210 =035 ##$$a 0010-061300000022250 =008 200409################g##########0#ind## =041 ##$$a Ind =082 ##$$a 2x1.304 =090 ##$$a 2x1.304, Jau s =100 1#$$a Jauziyah, Ibn Qayyim =245 1#$$a Sumpah Allah, tafsir quran pilihan, Ibn Qayyim Al Jauziyah /$c Ibn Qayyim Al Jauziyah =260 ##$$a Jakarta :$b Cendekia,$c 2002 =300 ##$$a 394 hlm, ; $c 15 x 24 cm =650 #4$$a Kitab Allah =850 ##$$a NBPNMAT =020 ##$$a 979-3000-28-7 =084 ##$$a 2x1.304 JAU s =250 ##$$a cet.1 =990 ##$$a 0001/BPAP-NTB/20142015